书目信息 |
| 题名: |
当代中国经济问题战略思考
|
|
| 作者: | 陈希亮 著 | |
| 分册: | ||
| 出版信息: | 北京 中国言实出版社 2014 |
|
| 页数: | 385页 | |
| 开本: | 24cm | |
| 丛书名: | ||
| 单 册: | ||
| 中图分类: | F120.4 | |
| 科图分类: | ||
| 主题词: | 中国经济--经济发展战略--研究 | |
| 电子资源: | ||
| ISBN: | 978-7-5171-0489-6 | |
| 000 | 00846nam0 2200241 450 | |
| 001 | 337887 | |
| 005 | 20150529083851.67 | |
| 010 | @a978-7-5171-0489-6@dCNY59.00 | |
| 100 | @a20140909d2014 em y0chiy50 ea | |
| 101 | 0 | @achi |
| 102 | @aCN@b110000 | |
| 105 | @ay z 000yy | |
| 106 | @ar | |
| 200 | 1 | @a当代中国经济问题战略思考@Adang dai zhong guo jing ji wen ti zhan lue si kao@f陈希亮著 |
| 210 | @a北京@c中国言实出版社@d2014 | |
| 215 | @a385页@d24cm | |
| 300 | @a当代社科研究文库 | |
| 330 | @a本书共12章, 内容包括: 马克思劳动价值论的当代价值、剩余价值理论与当代社会现实、市场经济与社会主义、所有制改革与中国基本经济制度、股份制与国有企业改革、中国资本和资本市场等。 | |
| 606 | 0 | @a中国经济@x经济发展战略@x研究 |
| 690 | @aF120.4@v5 | |
| 701 | 0 | @a陈希亮@Achen xi liang@4著 |
| 801 | 0 | @aCN@b卓展宏图@c20150525 |
| 905 | @dF120.4@e253@f4 | |
| 当代中国经济问题战略思考/陈希亮著.-北京:中国言实出版社,2014 |
| 385页;24cm |
| 当代社科研究文库 |
| ISBN 978-7-5171-0489-6:CNY59.00 |
| 本书共12章, 内容包括: 马克思劳动价值论的当代价值、剩余价值理论与当代社会现实、市场经济与社会主义、所有制改革与中国基本经济制度、股份制与国有企业改革、中国资本和资本市场等。 |
| ● |
| 相关链接 |
|
|
|
|
正题名:当代中国经济问题战略思考
索取号:F120.4/253
 
预约/预借
| 序号 | 登录号 | 条形码 | 馆藏地/架位号 | 状态 | 备注 |
| 1 | 856568 | 208565685 | 第一样本阅览室/ [索取号:F120.4/253] | 在馆 | |
| 2 | 856569 | 208565694 | 密集书库-海洋学院/ [索取号:F120.4/253] | 在馆 | |
| 3 | 856570 | 208565701 | 第一借阅区/ [索取号:F120.4/253] | 在馆 | |
| 4 | 856571 | 208565710 | 第一借阅区/ [索取号:F120.4/253] | 在馆 |